LEADER 01080nam a2200253 u 4500 001 000000018703 003 CaOOAMICUS 005 20070226110714.0 008 950119s1979 is a u000 u fre u 035 $a10444101 040 $aPUL(R)$bita 100 1 $aManns, Frédéric,$cO.F.M.,$d1942-$0(OLS)http://pul/name/2962 245 10$aBibliographie du Judeo-Christianisme /$cpréface du P. B. Bagatti. 260 $aJerusalem :$bFranciscan printing press,$c1979$cpréface du P. B. Bagatti. 300 $a265 p. :$bill. ;$c24 cm 490 1 $aAnalecta$aStudium Biblicum Franciscanum ;$v13 500 $aContiene indici. 830 0$aAnalecta$pStudium Biblicum Franciscanum ;$v13.$0(OLS)http://pul/title/4069 850 $aPUL 852 $aPUL$W1$xSL Religione 1$y3$m7(1) G 4$j26328$nBK-PRI$b $qStampati$B26328$CPULBib$Z2$F26328 $H $81 941 1 $a8 961 $aINV: 46673 996 $6245$aBibliographie du Judeo-Christianisme$9(OLS)http://pul/title/26590 996 $6260$aJerusalem :$bFranciscan printing press$9(OLS)http://pul/publisher/53423 LEADER 01591nam a2200385 a 4500 001 000000172913 003 CaOOAMICUS 005 20191213103107.0 008 191213t2015 it u000 u ita r 020 $a978-88-16-37115-6* 032 $aLibriCat 040 $aPUL$bita$d 041 1 $aita$hfre 082 04$a230.4 100 1 $aCongar, Yves,$ccardinale,$d1904-1995.$0(OLS)http://pul/name/368 240 10$aVrai et fausse réforme dans l'Eglise$lItaliano.$0(OLS)http://pul/title/153781 245 10$aVera e falsa riforma nella Chiesa /$cYves Congar; introduzione di Alberto Melloni. 250 $a3a ed. italiana 260 $aMilano :$bJaca Book,$c©2015. 300 $a441 p. ;$c24 cm 500 $aTraduzione di Stefano Campana. 610 24$aChiesa cattolica$xRiforma.$0(OLS)http://pul/subject/36970 650 4$aTeologia pastorale.$0(OLS)http://pul/subject/1301 650 4$aEcclesiologia.$0(OLS)http://pul/subject/22628 700 1 $aCampana, Stefano.$0(OLS)http://pul/name/76650 700 1 $aMelloni, Alberto,$d1959-$0(OLS)http://pul/name/13983 850 $aPUL 852 $aPUL$W1$xSL Religione 3$y85$m230. 4 CONYV 2$j196895$qDDC 21$B201655$CPULBib$Z2$F201655 $H133788 $82 941 1 $a9 960 $aPastorale$91301 996 $6020$a978-88-16-37115-6*$9(OLS)http://pul/number/166926 996 $6082$a230.4$9(OLS)http://pul/classification/602 996 $6245$aVera e falsa riforma nella Chiesa$9(OLS)http://pul/title/153782 996 $6260$aMilano :$bJaca Book$9(OLS)http://pul/publisher/47900